Úprava prevodových charakteristík senzorov : Dipl.práca /

Gespeichert in:
Bibliographische Detailangaben
1. Verfasser: Kenderessy, Ivan (Verfasst von)
Weitere Verfasser: Šturcel, Ján, 1946- (Betreuung Doktorarbeit)
Format: Manuskript Buch
Veröffentlicht: Bratislava : STU v Bratislave FEI, 1997
Tags: Tag hinzufügen
Keine Tags, Fügen Sie das erste Tag hinzu!

MARC

LEADER 00000ntm a22000003a 4500
001 stu10510
005 20160719164940.3
008 980119s1997----------------------------d
040 |a STU  |b slo 
041 0
100 1 |a Kenderessy, Ivan  |4 aut 
245 1 |a Úprava prevodových charakteristík senzorov :  |b Dipl.práca /  |c [aut.] Kenderessy,Ivan; Škol. řturcel,Ján 
260 |a Bratislava :  |b STU v Bratislave FEI,  |c 1997 
300 |a 96 s :  |b príl 
700 1 |a Šturcel, Ján,  |d 1946-  |4 ths  |u E1110  |U FEI Ústav robotiky a kybernetiky  |T FEI Automatizácia a regulácia  |X 3714  |U E1110  |Y 57  |7 A000003714